Δημιουργική στην πρωτοβάθμια εκπαίδευση
Αποθηκεύτηκε σε:
| Κύριος συγγραφέας: | |
|---|---|
| Μορφή: | Βιβλίο |
| Γλώσσα: | Greek |
| Δημοσίευση: |
Αθήνα :
Interbooks,
1987
|
| Θέματα: | |
| Ετικέτες: |
Προσθήκη ετικέτας
Δεν υπάρχουν, Καταχωρήστε ετικέτα πρώτοι!
|
MARC
| LEADER | 00000nam a2200000 i 4500 | ||
|---|---|---|---|
| 001 | 1/69198 | ||
| 008 | 990209s1987 gre d | ||
| 035 | |l 10047783 | ||
| 040 | |a GR-MY-UA |b gre |e aacr | ||
| 041 | 0 | |a gre | |
| 082 | 0 | |a 370.157 | |
| 100 | 1 | |a Μαγνήσαλης, Κώστας Γ., |d 1934-2014. | |
| 245 | 1 | 0 | |a Δημιουργική στην πρωτοβάθμια εκπαίδευση / |c Κώστα Γ. Μαγνησάλη |
| 260 | |a Αθήνα : |b Interbooks, |c 1987 | ||
| 300 | |a 222 σ. | ||
| 650 | 0 | 0 | |a Instructional systems |x Design. |
| 650 | 0 | 0 | |a Creative thinking. |
| 650 | 0 | 0 | |a Education, Primary |x Activity programs. |
| 852 | |a INST |b RHODES |e 19990209 |h 370.157 ΜΑΓ |p 005400015591 |q 005400015591 |t BK |y 0 | ||
| 901 | |a BIBL-1999-1 | ||
| 909 | |a Ρ |b 058685 |c 1998 | ||
| 922 | |a 4ΕΛΗ |b 199807 |c ΚΑΙΛΑ |d EMVASIS | ||
| 970 | |z 2000/07/ΚΑΤΕΡΙΝΑ | ||